Statistics for Words Named for Places

Click here to take the quiz!

General Stats

  • This quiz has been taken 58,391 times
    (17,085 since last reset)
  • The average score is 14 of 20

Answer Stats

DefinitionPlaceWord% Correct
Two-piece swimsuitAtoll in the Marshall IslandsBikini
95%
Ground beef sandwichGerman cityHamburger
88%
Homosexual womanGreek islandLesbian
85%
Long raceGreek townMarathon
84%
Yellow birdSpanish island chainCanary
79%
PorcelainCountryChina
77%
Type of mustardFrench cityDijon
77%
Sport played with an oblong ballEnglish townRugby
75%
Cylindrical red hatMoroccan cityFez
72%
FragranceGermany cityCologne
69%
Rhyming poem with bawdy verse and a
9-9-6-6-9 cadence
Irish cityLimerick
68%
Paper used in certain envelopesPhilippines cityManila
68%
Extinct human speciesGerman valleyNeanderthal
61%
A place that is the center of an activity or interestSaudi Arabian cityMecca
60%
Men's formal wearVillage in New York stateTuxedo
59%
Unconventional and artisticCzech regionBohemian
56%
Health clubBelgian townSpa
56%
FootstoolFormer Asian empireOttoman
54%
Forbidden sexual activityBiblical citySodomy
53%
To kidnap a person for service on a shipChinese cityShanghai
49%

Score Distribution

Percentile by Number Answered

Percent of People with Each Score

Your Score History

You have not taken this quiz since the last reset